Kader 1. FSV Mainz 05 - Statistiken

Allgemein
  • Dieses Quiz wurde 240 mal gespielt
    130 seit der letzten Aktualisierung
  • Das Durchschnittsergebnis liegt bei 16 aus 31
Antwortstatistiken
# Spieler % Korrekt
27 Robin Zentner
94%
9 Karim Onisiwo
82%
16 Stefan Bell
78%
17 Ludovic Ajorque
77%
7 Jae-sung Lee
76%
29 Jonathan Burkardt
75%
31 Dominik Kohr
71%
Bo Svensson
70%
8 Leandro Barreiro
68%
21 Danny da Costa
66%
19 Anthony Caci
65%
43 Brajan Gruda
59%
44 Nelson Weiper
58%
30 Silvan Widmer
55%
25 Andreas Hanche-Olsen
54%
6 Anton Stach
52%
14 Tom Krauß
50%
20 Edimilson Fernandes
48%
33 Daniel Batz
47%
3 Sepp van den Berg
47%
42 Alexander Hack
45%
1 Lasse Rieß
45%
4 Aymen Barkok
41%
5 Maxim Leitsch
39%
24 Merveille Papela
23%
37 Delano Burgzorg
17%
45 Philipp Schulz
17%
41 Eniss Shabani
13%
38 Ben Bobzien
11%
-- Anderson Lucoqui
7%
-- Ronaël Pierre-Gabriel
6%
Keine übereinstimmenden Quizze gefunden
Verteilung der Resultate
Anzahl Personen mit jedem Resultat
Perzentil nach korrekt beantworteten Fragen
Ihre Resultats-Entwicklung
Sie haben dieses Quiz seit der letzten Aktualisierung nicht gespielt